000 01398 a2200253 4500
001 53096
005 20260407155804.0
008 260407a1991 arg spa d
003 AR-UNSa-BCEJYS
040 _aAR-UNSa-BCEJYS
_bspa
_cAR-UNSa-BCEJYS
080 _a330.101.541
_xMacroeconomía
245 1 0 _aMacroeconomía
020 _a950-557-121-6
264 1 _aMéxico :
_bFondo de Cultura Económica
_c1991
300 _a898 p.
_c23 cm.
505 _aPrimera parte:Introducción - 1. Nociones y relaciones básicas - 2. Sintonía fina - 3. Indicadores macroeconómicos básicos - Segunda parte: La macroeconmía convencional - 1. El modelo clásico - 2. Las modificaciones keynesianas - 3. Las extensiones convencionales - 4.Sintesís de la macroeconomía convencional - Tercera parte: Extensiones más recientes - 1. Características estructurales de los modelos de la macroeconomía convencional - 3. Economía abierta - 4. Dinero pasivo - 5. Inflación - 6. Otros rumbos - 7. La macroeconomía luego de las extensiones más recientes - Cuarta parte:Macroeconomía y política económica
041 _aspa
942 _cBK
590 _aniveau_biblio:m niveau_hierar:0
100 1 _aDe Pablo, Juan Carlos
700 1 _aLeone, Alfredo Mario
700 1 _aMartinez, Alfonso José
856 4 1 _uhttps://www.biblioeco.unsa.edu.ar/pmb/images/libros/L128404.jpg
_yImagen de portada
_qimage/jpeg
999 _c5080
_d5080